Pracheena manushyan /പ്രാചീന മനുഷ്യൻ (Record no. 291048)

MARC details
000 -LEADER
fixed length control field 00445nam a22001697a 4500
003 - CONTROL NUMBER IDENTIFIER
control field OSt
020 ## - INTERNATIONAL STANDARD BOOK NUMBER
International Standard Book Number 9789355497826
082 ## - DEWEY DECIMAL CLASSIFICATION NUMBER
Classification number 930
Item number VAN/PR
100 ## - MAIN ENTRY--PERSONAL NAME
Personal name Van Loon, Hendrik Willem
245 ## - TITLE STATEMENT
Title Pracheena manushyan /പ്രാചീന മനുഷ്യൻ
260 ## - PUBLICATION, DISTRIBUTION, ETC. (IMPRINT)
Place of publication, distribution, etc Kozhikode
Name of publisher, distributor, etc Mathrubhumi books
Date of publication, distribution, etc 2023
300 ## - PHYSICAL DESCRIPTION
Extent 126p.
500 ## - GENERAL NOTE
General note Ancient man
546 ## - LANGUAGE
Language note Malayalam
700 ## - ADDED ENTRY--PERSONAL NAME
Personal name Aboobacker, C P, Tr.
942 ## - ADDED ENTRY ELEMENTS (KOHA)
Source of classification or shelving scheme Dewey Decimal Classification
Koha item type Books (General)
Holdings
Lost status Source of classification or shelving scheme Damaged status Not for loan Collection code Home library Current library Shelving location Date acquired Cost, normal purchase price Total Checkouts Full call number Barcode Date last seen Koha item type
  Dewey Decimal Classification     General KAU Central Library, Thrissur KAU Central Library, Thrissur General 27/02/2024 200.00   930 VAN/PR 232341 27/02/2024 Books (General)
Kerala Agricultural University Central Library
Thrissur-(Dt.), Kerala Pin:- 680656, India
Ph : (+91)(487) 2372219
E-mail: librarian@kau.in
Website: http://library.kau.in/